[Event "SVK-ch U16"]
[Site "Tatralandia"]
[Date "2025.05.16"]
[Round "7"]
[White "Artner, Jakub"]
[Black "Bersihand, Hugo Maria"]
[Result "1/2-1/2"]
[WhiteElo "1610"]
[BlackElo "1576"]
[PlyCount "45"]
[EventDate "2025.05.11"]
[EventType "swiss"]
[EventRounds "9"]
[EventCountry "SVK"]
[SourceTitle "CB21_2025"]
[SourceDate "2025.05.21"]
[SourceVersion "1"]
[SourceVersionDate "2025.05.21"]
[SourceQuality "1"]

1. d4 Nf6 2. c4 e5 3. dxe5 Ng4 4. Nf3 Bc5 5. e3 Nc6 6. Be2 Ngxe5 7. Nbd2 0-0 8. 0-0 d6 9. a3 a5 10. Qc2 h6 11. b3 Qe7 12. Bb2 b6 13. Qc3 Bb7 14. Ne1 f6 15. Ndf3 Qf7 16. Qd2 Rfd8 17. Nd3 d5 18. Ndxe5 Nxe5 19. Nxe5 fxe5 20. Qc2 Qe7 21. Rfd1 c6 22. Qf5 d4 23. exd4 1/2-1/2

[Event "SVK-ch U16"]
[Site "Tatralandia"]
[Date "2025.05.14"]
[Round "5"]
[White "Artner, Jakub"]
[Black "Kudela, Oliver"]
[Result "0-1"]
[WhiteElo "1610"]
[BlackElo "1932"]
[PlyCount "60"]
[EventDate "2025.05.11"]
[EventType "swiss"]
[EventRounds "9"]
[EventCountry "SVK"]
[SourceTitle "CB21_2025"]
[SourceDate "2025.05.21"]
[SourceVersion "1"]
[SourceVersionDate "2025.05.21"]
[SourceQuality "1"]

1. d4 d5 2. c4 c6 3. Nc3 Nf6 4. Bf4 dxc4 5. e3 b5 6. a4 b4 7. Na2 b3 8. Nc3 Ba6 9. Nf3 e6 10. Bg5 Nbd7 11. Bxf6 Nxf6 12. Nd2 Bb4 13. Be2 Nd5 14. Ndb1 Qa5 15. Qd2 c5 16. 0-0 0-0 17. e4 cxd4 18. Qxd4 Bc5 19. Qd2 Nb4 20. Bd1 Rfd8 21. Qe2 Nd3 22. Na3 Qb6 23. Rb1 Qa5 24. Ra1 Qb4 25. h3 Bd4 26. Nab1 Rd7 27. Kh1 Be5 28. Kg1 Rad8 29. h4 Nxb2 30. Qf3 Nxd1 0-1

[Event "SVK-ch U16"]
[Site "Tatralandia"]
[Date "2025.05.13"]
[Round "3"]
[White "Artner, Jakub"]
[Black "Sekera, Timotej"]
[Result "0-1"]
[WhiteElo "1610"]
[BlackElo "1875"]
[PlyCount "78"]
[EventDate "2025.05.11"]
[EventType "swiss"]
[EventRounds "9"]
[EventCountry "SVK"]
[SourceTitle "CB21_2025"]
[SourceDate "2025.05.21"]
[SourceVersion "1"]
[SourceVersionDate "2025.05.21"]
[SourceQuality "1"]

1. d4 e6 2. c4 f5 3. e3 Nf6 4. Nc3 Bb4 5. Bd2 b6 6. a3 Bxc3 7. Bxc3 Bb7 8. Nf3 d6 9. Be2 Nbd7 10. 0-0 Qe7 11. Nd2 0-0 12. Bf3 Ne4 13. Nxe4 fxe4 14. Bg4 d5 15. Qe2 Rf6 16. b4 Rg6 17. Bh3 Qh4 18. Kh1 Nf8 19. cxd5 exd5 20. Be1 Qe7 21. b5 c5 22. bxc6 Rxc6 23. Bb4 Qc7 24. Qa2 Rc2 25. Qb3 Kh8 26. Bd6 Qc6 27. Bg3 Bc8 28. Qb4 Bxh3 29. gxh3 Ne6 30. Kg2 Ng5 31. Qe7 Nf3 32. Be5 Qg6+ 33. Kh1 Rac8 34. Rg1 Nxg1 35. Rxg1 Rc1 36. Bg3 Rxg1+ 37. Kxg1 Qf6 38. Qd7 Rc1+ 39. Kg2 Qf3# 0-1